000 00925nam a2200265Ia 4500
003 OSt
005 20221005113250.0
006 a|||||r|||| 00| 0
007 ta
008 221004b |||||||| |||| 00| 0 pan d
020 _a8130202689 (hbk)
_c600
024 _a17194
037 _b907, 11/03/2015, H.K. Prakashan
_cTextual
040 _aCRL
_cCRL
_bpan
041 _2pan
_apan
082 _aO113,3M77,SI, 153Q0
100 _aਹੈਸ, ਹਰਮਨ
245 0 _aਸਿਧਾਰਥ
260 _aਪਟਿਆਲਾ
_bਪੰਜਾਬੀ ਯੁਨੀਵਰਸਿਟੀ ਭਾਰਤ
_c2010
300 _a97ਪੰ
_ccm.
650 _aਜਰਮਨ ਸਾਹਿਤ
700 _a ਸਿੰਘ, ਜਗਜੀਤ, ੳਗ.
942 _hO113,3M77,SI, 153Q0
_cTEXL
_2cc
999 _c1027596
_d1027596